000
00468nam a2200133Ia 4500
008
100328s9999 xx 000 0 und d
082
_b
13850
100
_a
पंडित बाळ ज.
245
_a
क्रिकेटची दुनिया
260
_b
कोकण एज्युकेशन सोसायटी
630
_a
क्रिकेटची दुनिया
730
_a
क्रिकेटची दुनिया
942
_c
BOOK
999
_c
508893
_d
508890